[Event "Ho Chi Minh City zt 3.3 (Women)"]
[Site "Ho Chi Minh City"]
[Date "2009.07.23"]
[Round "2"]
[White "Cua, Sherily"]
[Black "Citra, Dewi Ardhiani Anast"]
[Result "1-0"]
[WhiteElo "2174"]
[BlackElo "1923"]
[PlyCount "61"]
[EventDate "2009.07.23"]
[EventType "swiss"]
[EventRounds "9"]
[EventCountry "VIE"]
[SourceTitle "CBM 131 Extra"]
[Source "ChessBase"]
[SourceDate "2009.09.03"]
[SourceVersion "2"]
[SourceVersionDate "2009.09.16"]
[SourceQuality "1"]

1. d4 Nf6 2. c4 g6 3. Nc3 Bg7 4. e4 d6 5. f3 0-0 6. Be3 b6 7. Qd2 c5 8. Nge2 cxd4 9. Nxd4 Bb7 10. Be2 Re8 11. 0-0 Nbd7 12. Rac1 Rc8 13. Rfd1 Ne5 14. Nd5 Nxd5 15. cxd5 Qd7 16. Bb5 Qd8 17. Bxe8 Qxe8 18. Rxc8 Qxc8 19. b3 Ba6 20. Rc1 Qb7 21. Qc3 Nd3 22. Rc2 Nc5 23. b4 e5 24. Nc6 Nd7 25. Nd8 Qb8 26. Qc7 Bb5 27. Qxb8 Nxb8 28. Rc8 Nd7 29. Ne6+ Nf8 30. Nxf8 Ba6 31. Rb8 1-0

[Event "Asian Continental op (Women) 08th"]
[Site "Subic Bay"]
[Date "2009.05.15"]
[Round "3"]
[White "Muminova, Nafisa"]
[Black "Cua, Sherily"]
[Result "1/2-1/2"]
[WhiteElo "2212"]
[BlackElo "2143"]
[PlyCount "176"]
[EventDate "2009.05.13"]
[EventType "swiss"]
[EventRounds "11"]
[EventCountry "PHI"]
[SourceTitle "CBM 130 Extra"]
[Source "ChessBase"]
[SourceDate "2009.07.02"]
[SourceVersion "2"]
[SourceVersionDate "2009.07.15"]
[SourceQuality "1"]

1. e4 e6 2. d4 d5 3. e5 b6 4. Bd3 a5 5. a4 Ba6 6. Ne2 Ne7 7. 0-0 Qd7 8. b3 Bxd3 9. Qxd3 h5 10. Na3 Na6 11. c3 h4 12. h3 Nf5 13. Nc2 c5 14. Ne3 Ne7 15. Ba3 Qb7 16. f4 g6 17. Ng4 Bg7 18. Qb5+ Qc6 19. Nf6+ Kd8 20. Ng4 Kc7 21. Qd3 Kb7 22. Qd2 Nf5 23. Rfc1 Qd7 24. Kh2 Rhc8 25. Rab1 Bf8 26. Nf6 Qd8 27. dxc5 Nxc5 28. Bxc5 Bxc5 29. Nd4 Nxd4 30. cxd4 Be7 31. Ng4 Rxc1 32. Rxc1 Rc8 33. Nf2 Bb4 34. Qd1 Rxc1 35. Qxc1 Qc7 36. Nd3 Qc3 37. Qxc3 Bxc3 38. g3 Bxd4 39. gxh4 Bc5 40. Kg3 Bf8 41. Kg4 Bh6 42. Kf3 Kc6 43. Ke3 Bf8 44. Ne1 Kd7 45. Nf3 Bc5+ 46. Ke2 Ke7 47. Ne1 f6 48. Nd3 Bd4 49. Kf3 Kf7 50. Kg4 Kg7 51. h5 Kh6 52. hxg6 Kxg6 53. exf6 Bxf6 54. h4 Kh6 55. b4 axb4 56. Nxb4 Be7 57. Nc6 Bf6 58. Nb4 Be7 59. Nc6 Bf6 60. h5 Kg7 61. Nb4 Be7 62. Nd3 Bf6 63. Nf2 Kf7 64. Kf3 e5 65. fxe5 Bxe5 66. Nd3 Bd4 67. Nf4 Kf6 68. Nxd5+ Kg5 69. Ke4 Bf2 70. Nf4 Bg3 71. Ne2 Bf2 72. Kf3 Bc5 73. Ng3 Bg1 74. Ke4 Bf2 75. Ne2 Kxh5 76. Kd5 Kg6 77. Kc6 Kf7 78. Nf4 Ke8 79. Ne6 Ke7 80. Nc7 Kd8 81. Kb7 Kd7 82. Nd5 Kd8 83. Nf6 Bd4 84. Ne4 Kd7 85. Nd2 Kd8 86. Nc4 Bg1 87. Nxb6 Bxb6 88. Kxb6 Kc8 1/2-1/2

[Event "WMSG Rapid Team 1st (Women)"]
[Site "Beijing"]
[Date "2008.10.15"]
[Round "4"]
[White "Madl, Ildiko"]
[Black "Cua, Sherily"]
[Result "1-0"]
[WhiteElo "2376"]
[BlackElo "2143"]
[PlyCount "91"]
[EventDate "2008.10.14"]
[EventType "team-tourn (rapid)"]
[EventRounds "9"]
[EventCountry "CHN"]
[SourceTitle "CBM 126 Extra"]
[Source "ChessBase"]
[SourceDate "2008.11.05"]
[SourceVersion "1"]
[SourceVersionDate "2008.11.05"]
[SourceQuality "1"]

1. e4 e6 2. d4 d5 3. Nc3 dxe4 4. Nxe4 Bd7 5. Nf3 Bc6 6. Ned2 Nd7 7. Bd3 Ngf6 8. 0-0 Be7 9. a3 a5 10. Qe2 Bxf3 11. Nxf3 0-0 12. b3 c5 13. Bb2 a4 14. dxc5 Nxc5 15. Bc4 axb3 16. cxb3 Qb8 17. Be5 Qa7 18. Bd4 Qb8 19. a4 Rd8 20. Rfe1 Nd5 21. g3 Na6 22. Qb2 Bf6 23. Bxf6 Nxf6 24. b4 Nd5 25. b5 Nc5 26. a5 Qc7 27. b6 Qe7 28. Bf1 Na6 29. Ne5 Qb4 30. Qxb4 Ndxb4 31. Red1 f6 32. Nc4 Nc2 33. Rac1 Nd4 34. Kg2 Nb4 35. f4 Nbc6 36. Ra1 Kf7 37. Kf2 Nb4 38. Bg2 Rab8 39. Rd2 Ke7 40. Rad1 Ndc6 41. Rxd8 Nxd8 42. Ke2 Ndc6 43. Rb1 Ra8 44. Rxb4 Nxb4 45. Bxb7 Rd8 46. a6 1-0

[Event "WMSG Rapid Team 1st (Women)"]
[Site "Beijing"]
[Date "2008.10.14"]
[Round "1"]
[White "Cua, Sherily"]
[Black "Popova, Natalija"]
[Result "1/2-1/2"]
[WhiteElo "2143"]
[BlackElo "2264"]
[PlyCount "122"]
[EventDate "2008.10.14"]
[EventType "team-tourn (rapid)"]
[EventRounds "9"]
[EventCountry "CHN"]
[SourceTitle "CBM 126 Extra"]
[Source "ChessBase"]
[SourceDate "2008.11.05"]
[SourceVersion "1"]
[SourceVersionDate "2008.11.05"]
[SourceQuality "1"]

1. d4 Nf6 2. c4 g6 3. Nc3 d5 4. Nf3 Bg7 5. g3 c6 6. Qb3 0-0 7. Bg2 dxc4 8. Qxc4 b5 9. Qd3 b4 10. Na4 Bf5 11. Qc4 a5 12. Nc5 Ne4 13. 0-0 Nxc5 14. Qxc5 Be4 15. Ne5 Bxg2 16. Kxg2 Na6 17. Qc4 c5 18. Nc6 Qd7 19. Nxa5 Qxd4 20. Qxd4 Bxd4 21. Bh6 Rfc8 22. Nc4 Rcb8 23. Bf4 Rb7 24. Be5 Bxe5 25. Nxe5 Nc7 26. Rfc1 Ne6 27. Nd3 Rba7 28. Nxc5 Nxc5 29. Rxc5 Rxa2 30. Rxa2 Rxa2 31. Rc2 f5 32. Kf3 Kf7 33. Ke3 Ke6 34. Kd4 Ra7 35. Rc6+ Kd7 36. Rb6 Ra1 37. Rxb4 Rf1 38. Ke3 Kd6 39. h4 Kd5 40. Rb7 Kd6 41. Rb8 f4+ 42. gxf4 Rh1 43. Ke4 Rxh4 44. Rb6+ Kc7 45. Rb5 Rh2 46. Kf3 Rh1 47. Re5 Kd6 48. b4 Rb1 49. b5 Rb2 50. Kg4 h6 51. Kf3 Rb1 52. Ke3 Rb4 53. Kf3 g5 54. e3 gxf4 55. exf4 e6 56. Kg4 Rb2 57. Kg3 Rb4 58. Rh5 Rb2 59. f3 Rb1 60. Rxh6 Rxb5 61. Kg4 Rf5 1/2-1/2

[Event "WMSG Blitz Team 1st (Women)"]
[Site "Beijing"]
[Date "2008.10.13"]
[Round "1"]
[White "Shahade, Jennifer"]
[Black "Cua, Sherily"]
[Result "0-1"]
[WhiteElo "2322"]
[BlackElo "2143"]
[PlyCount "123"]
[EventDate "2008.10.13"]
[EventType "team-tourn (blitz)"]
[EventRounds "11"]
[EventCountry "CHN"]
[SourceTitle "CBM 126 Extra"]
[Source "ChessBase"]
[SourceDate "2008.11.05"]
[SourceVersion "1"]
[SourceVersionDate "2008.11.05"]
[SourceQuality "1"]

1. e4 e6 2. d4 d5 3. exd5 exd5 4. c4 Nf6 5. Nc3 Be7 6. Bd3 0-0 7. Nge2 dxc4 8. Bxc4 c6 9. 0-0 Nbd7 10. Nf4 Nb6 11. Bb3 Bd6 12. Qf3 Bg4 13. Qd3 Qc7 14. g3 Rad8 15. Be3 Rfe8 16. Rac1 Qb8 17. a4 a5 18. Rfe1 Bb4 19. Qb1 Qc8 20. Qa2 Rd7 21. Bd1 Bf5 22. Bf3 Red8 23. Red1 Qb8 24. Qb3 Qd6 25. d5 c5 26. Nb5 Qe7 27. d6 Qe5 28. Nd5 Nbxd5 29. Bxd5 Nxd5 30. Qxd5 Qxd5 31. Rxd5 Be6 32. Rdd1 b6 33. Bf4 f6 34. Re1 Bxe1 35. Rxe1 Kf7 36. h4 h6 37. h5 Bg4 38. Nc7 Bxh5 39. Nd5 g5 40. Bc1 Rxd6 41. Nc3 Re6 42. Rf1 Bf3 43. Nb5 h5 44. Be3 h4 45. gxh4 gxh4 46. Kh2 Rg8 47. Rc1 Rg2+ 48. Kh3 f5 49. Rc3 Reg6 50. Bf4 Be4 51. Re3 Rxf2 52. Nd6+ Kf8 53. Rxe4 fxe4 54. Nxe4 Rf3+ 55. Kxh4 Kf7 56. Be5 Re6 57. Kg4 Rf1 58. Kg3 Ke7 59. Kg4 Rf7 60. Bf4 Re5 61. Bxe5 Rf6 62. Bxf6+ 0-1

[Event "WMSG Rapid Pair 1st"]
[Site "Beijing"]
[Date "2008.10.10"]
[Round "4"]
[White "Hallaeva, Bahar"]
[Black "Cua, Sherily"]
[Result "1-0"]
[WhiteElo "2119"]
[BlackElo "2143"]
[PlyCount "118"]
[EventDate "2008.10.09"]
[EventType "swiss (rapid)"]
[EventRounds "9"]
[EventCountry "CHN"]
[SourceTitle "CBM 126 Extra"]
[Source "ChessBase"]
[SourceDate "2008.11.05"]
[SourceVersion "1"]
[SourceVersionDate "2008.11.05"]
[SourceQuality "1"]

1. e4 e6 2. d4 d5 3. exd5 exd5 4. Bd3 Bd6 5. Qf3 Ne7 6. Ne2 Nd7 7. 0-0 h6 8. Bf4 Bxf4 9. Nxf4 Nf6 10. h3 0-0 11. Nh5 Nxh5 12. Qxh5 Qd6 13. Nd2 Qb4 14. Nb3 b6 15. Qe5 Qd6 16. Qxd6 cxd6 17. Rfe1 Nc6 18. c3 Bd7 19. Re3 Rfe8 20. Rae1 Kf8 21. f3 Rxe3 22. Rxe3 Re8 23. Kf2 Rxe3 24. Kxe3 Ke7 25. g4 g5 26. f4 gxf4+ 27. Kxf4 Nd8 28. Nd2 Ne6+ 29. Kg3 Ng7 30. Nf1 Be6 31. Ne3 Kf6 32. Kf4 Ke7 33. h4 Kf6 34. Nf5 Bxf5 35. Bxf5 Ne8 36. Bc8 Nc7 37. Bd7 Ke7 38. Bf5 Kf6 39. Bd3 Ne6+ 40. Kf3 Nd8 41. Bb5 Ke6 42. Kf4 Kf6 43. Bd3 Nc6 44. g5+ hxg5+ 45. hxg5+ Ke6 46. Bf5+ Ke7 47. Bg4 Na5 48. Be2 Ke6 49. Bb5 Nb7 50. Ba6 Na5 51. b3 Nc6 52. Bb7 Nd8 53. Ba8 a5 54. c4 dxc4 55. bxc4 Ke7 56. Bd5 Kf8 57. Kf5 Ke7 58. a4 b5 59. axb5 a4 1-0

[Event "WMSG Rapid Pair 1st"]
[Site "Beijing"]
[Date "2008.10.09"]
[Round "1"]
[White "Cua, Sherily"]
[Black "Socko, Monika"]
[Result "1/2-1/2"]
[WhiteElo "2143"]
[BlackElo "2434"]
[PlyCount "107"]
[EventDate "2008.10.09"]
[EventType "swiss (rapid)"]
[EventRounds "9"]
[EventCountry "CHN"]
[SourceTitle "CBM 126 Extra"]
[Source "ChessBase"]
[SourceDate "2008.11.05"]
[SourceVersion "1"]
[SourceVersionDate "2008.11.05"]
[SourceQuality "1"]

1. d4 Nf6 2. c4 e6 3. g3 d5 4. Bg2 Be7 5. Nf3 0-0 6. 0-0 a6 7. Nbd2 c5 8. b3 cxd4 9. Nxd4 e5 10. N4f3 Nc6 11. cxd5 Nxd5 12. Bb2 f6 13. a3 Be6 14. Rc1 Nc7 15. Nc4 Nb5 16. b4 Nd6 17. Ne3 Rf7 18. Nd2 Nd4 19. Ndc4 Nxc4 20. Nxc4 Bf8 21. Na5 Bd5 22. Bxd5 Qxd5 23. Qd3 Rd8 24. Rfd1 Rfd7 25. Bxd4 exd4 26. Nb3 b5 27. Nc5 Bxc5 28. Rxc5 Qe6 29. Rd2 Re8 30. Rdc2 Qe4 31. Rc6 Qxd3 32. exd3 Re1+ 33. Kg2 Rd1 34. Rxa6 Rxd3 35. a4 bxa4 36. Rxa4 Rd1 37. Raa2 Rb1 38. Rab2 Rxb2 39. Rxb2 Kf7 40. Kf3 Ke6 41. Ke4 f5+ 42. Kd3 Kd5 43. b5 Rb7 44. b6 Kc5 45. Rc2+ Kd5 46. Rb2 Kc5 47. Rb3 g6 48. h4 Kd5 49. Rb2 Kc5 50. Rb3 Kd5 51. Rb2 Kc5 52. Rb3 Kd5 53. Rb4 Kc5 54. Rc4+ 1/2-1/2

[Event "WMSG Rapid Pair 1st"]
[Site "Beijing"]
[Date "2008.10.09"]
[Round "3"]
[White "Cua, Sherily"]
[Black "Yildiz Kadioglu, Betul Cemre"]
[Result "0-1"]
[WhiteElo "2143"]
[BlackElo "2219"]
[PlyCount "104"]
[EventDate "2008.10.09"]
[EventType "swiss (rapid)"]
[EventRounds "9"]
[EventCountry "CHN"]
[SourceTitle "CBM 126 Extra"]
[Source "ChessBase"]
[SourceDate "2008.11.05"]
[SourceVersion "1"]
[SourceVersionDate "2008.11.05"]
[SourceQuality "1"]

1. d4 d5 2. c4 dxc4 3. Nf3 Nf6 4. Qa4+ c6 5. Qxc4 b5 6. Qc2 e6 7. g3 Qb6 8. Bg2 Bb7 9. 0-0 c5 10. dxc5 Bxc5 11. Nc3 Nbd7 12. a3 Rc8 13. Qd3 a6 14. Bd2 0-0 15. b4 Be7 16. Be3 Qc7 17. Rac1 Qb8 18. Rfd1 Rfd8 19. Qb1 Ng4 20. Bd2 Qa7 21. Be1 Nb6 22. Qb3 Nd5 23. Nb1 h6 24. h3 Ngf6 25. Nbd2 Nb6 26. Qb1 Na4 27. Qa1 Nd5 28. Nb3 Bf6 29. Nfd4 Ne7 30. Rxc8 Rxc8 31. Bxb7 Qxb7 32. Qb1 Qb6 33. Nf3 Nd5 34. Rc1 Rd8 35. Kg2 Bb2 36. Rc2 Bxa3 37. e4 Nxb4 38. Bxb4 Bxb4 39. Nc1 Be7 40. Qb3 Nc5 41. Qe3 Rb8 42. Qe2 Qb7 43. Nd2 a5 44. Nd3 Nxd3 45. Qxd3 b4 46. Nc4 Qb5 47. Qd4 b3 48. Rb2 a4 49. Ne5 a3 50. Rb1 a2 51. Ra1 b2 52. Nd3 b1Q 0-1

[Event "WMSG Blitz Pair 1st"]
[Site "Beijing"]
[Date "2008.10.08"]
[Round "9"]
[White "Cua, Sherily"]
[Black "Paehtz, Elisabeth"]
[Result "1-0"]
[WhiteElo "2143"]
[BlackElo "2471"]
[PlyCount "107"]
[EventDate "2008.10.08"]
[EventType "swiss (blitz)"]
[EventRounds "11"]
[EventCountry "CHN"]
[SourceTitle "CBM 126 Extra"]
[Source "ChessBase"]
[SourceDate "2008.11.05"]
[SourceVersion "1"]
[SourceVersionDate "2008.11.05"]
[SourceQuality "1"]

1. d4 e6 2. c4 Bb4+ 3. Bd2 a5 4. Nf3 d6 5. g3 Nf6 6. Qc2 Nc6 7. a3 Bxd2+ 8. Qxd2 0-0 9. Nc3 a4 10. Bg2 Na5 11. Qd3 Bd7 12. 0-0 Qe7 13. Rad1 Rfe8 14. Nd2 Rab8 15. e3 e5 16. dxe5 Qxe5 17. Rfe1 Bg4 18. Rc1 b6 19. Nxa4 Bf5 20. Qc3 Qe6 21. b4 Nb7 22. Nb2 Bh3 23. Bh1 c5 24. Nd3 Bg4 25. Nf4 Qe7 26. Bg2 Nd8 27. Nb3 Ne6 28. Nd3 Rec8 29. Ra1 Bf5 30. e4 Bg6 31. e5 dxe5 32. Nxe5 Qc7 33. Nc6 Ra8 34. b5 Re8 35. a4 Rac8 36. a5 bxa5 37. Rxa5 Ng4 38. Ra7 Qd6 39. h3 Nf6 40. h4 h5 41. Bf3 Bf5 42. Rd1 Qf8 43. Qb2 Bg4 44. Bxg4 Nxg4 45. Rdd7 Nh6 46. Ne5 Nd4 47. Nxd4 Rxe5 48. Nc6 Re1+ 49. Kg2 Rce8 50. Qd2 R1e2 51. Qd5 Kh7 52. Qxh5 Rb2 53. Rxf7 Qg8 54. Rxg7+ 1-0

[Event "WMSG Blitz Pair 1st"]
[Site "Beijing"]
[Date "2008.10.08"]
[Round "6"]
[White "Cua, Sherily"]
[Black "Sukandar, Irine Kharisma"]
[Result "0-1"]
[WhiteElo "2143"]
[BlackElo "2303"]
[PlyCount "141"]
[EventDate "2008.10.08"]
[EventType "swiss (blitz)"]
[EventRounds "11"]
[EventCountry "CHN"]
[SourceTitle "CBM 126 Extra"]
[Source "ChessBase"]
[SourceDate "2008.11.05"]
[SourceVersion "1"]
[SourceVersionDate "2008.11.05"]
[SourceQuality "1"]

1. d4 Nf6 2. c4 e6 3. g3 d5 4. Bg2 Be7 5. Nf3 dxc4 6. Qa4+ Nc6 7. Qxc4 0-0 8. 0-0 a6 9. a4 Nb4 10. Ne5 b5 11. Qc3 Rb8 12. axb5 axb5 13. Ra7 Nbd5 14. Qb3 Qd6 15. e4 Nb6 16. Rd1 Bb7 17. Nc3 b4 18. Nb5 Qd8 19. Qe3 c6 20. Rxb7 Rxb7 21. Nxc6 Qe8 22. Nxe7+ Rxe7 23. Bf1 Qc6 24. Bd2 Qc2 25. Re1 Qxb2 26. Qd3 Rc8 27. Rb1 Qc2 28. Bxb4 Qxd3 29. Bxd3 Rd7 30. e5 Rd5 31. exf6 gxf6 32. Bf1 Nd7 33. Nd6 Rb8 34. Ne4 Rxd4 35. Rc1 Rdxb4 36. Nd6 Rb1 37. Rxb1 Rxb1 38. Kg2 Ne5 39. Ne4 Kg7 40. h3 Rb2 41. g4 Ng6 42. Kg3 Ne5 43. f4 Rb3+ 44. Kf2 Ng6 45. f5 exf5 46. gxf5 Ne7 47. Ng3 Rc3 48. Nh5+ Kh6 49. Nxf6 Nxf5 50. Ng4+ Kg5 51. Bg2 Nh4 52. Bf1 Rf3+ 53. Kg1 h5 54. Ne5 Rf5 55. Nd3 Nf3+ 56. Kg2 Ne5 57. Nf2 Ng6 58. Bc4 f6 59. Bb3 Nf4+ 60. Kg3 h4+ 61. Kh2 Rb5 62. Bc4 Rb2 63. Kg1 Rc2 64. Bf1 Nh5 65. Bd3 Rc1+ 66. Kg2 Nf4+ 67. Kf3 Nxd3 68. Nxd3 Rc3 69. Ke3 Rxd3+ 70. Kxd3 Kf4 71. Kd4 0-1

[Event "WMSG Blitz Pair 1st"]
[Site "Beijing"]
[Date "2008.10.08"]
[Round "3"]
[White "Hou, Yifan"]
[Black "Cua, Sherily"]
[Result "1-0"]
[WhiteElo "2578"]
[BlackElo "2143"]
[PlyCount "193"]
[EventDate "2008.10.08"]
[EventType "swiss (blitz)"]
[EventRounds "11"]
[EventCountry "CHN"]
[SourceTitle "CBM 126 Extra"]
[Source "ChessBase"]
[SourceDate "2008.11.05"]
[SourceVersion "1"]
[SourceVersionDate "2008.11.05"]
[SourceQuality "1"]

1. e4 e6 2. d4 d5 3. Nc3 dxe4 4. Nxe4 Bd7 5. Nf3 Bc6 6. Bd3 Nd7 7. 0-0 Ngf6 8. Ng3 Be7 9. Re1 Bxf3 10. Qxf3 c6 11. b3 0-0 12. Bb2 Re8 13. c4 Qc7 14. Rad1 Rad8 15. h3 Nf8 16. Bb1 Rd7 17. Ne2 Ng6 18. Nc1 Bb4 19. Re3 Red8 20. Nd3 Be7 21. Ree1 Nh4 22. Qf4 Qxf4 23. Nxf4 Ng6 24. Nd3 Bd6 25. g3 Ne7 26. Bc2 Nf5 27. Ne5 Bxe5 28. dxe5 Ne8 29. Kg2 Nd4 30. Be4 c5 31. Rd2 b6 32. Red1 Kf8 33. f4 g6 34. Kf2 Ke7 35. g4 f5 36. exf6+ Nxf6 37. Bg2 Rd6 38. Bc3 Ng8 39. Be4 Nf6 40. Bb1 Ne8 41. Ke3 Nc6 42. Be4 Nb4 43. a3 Rxd2 44. Rxd2 Rxd2 45. Bxd2 Na6 46. Bc3 Nd6 47. Bd3 Nc7 48. h4 b5 49. Ba5 bxc4 50. bxc4 Nce8 51. Bd2 Nf6 52. Kf3 Nd7 53. Be3 e5 54. Be2 e4+ 55. Kf2 Kf6 56. Ke1 Nb7 57. Kd2 Na5 58. Kc3 Nc6 59. Bd1 Ke6 60. Bc2 Nf6 61. g5 Ng4 62. Bxc5 e3 63. Kd3 Na5 64. Bb4 Nc6 65. Bc5 Kf5 66. Bxe3 Ke6 67. Bd2 Nf2+ 68. Ke3 Ng4+ 69. Kd3 Nf2+ 70. Kc3 Ng4 71. Be1 a6 72. Bd3 Ne3 73. Bf2 Nf5 74. Be4 Nd8 75. c5 Ne7 76. Kc4 Kd7 77. h5 Ne6 78. hxg6 hxg6 79. Be3 Kc7 80. Bd2 Kd7 81. Bd3 Kc7 82. Bc2 Kd7 83. Be3 Kc6 84. Be4+ Kd7 85. Bd3 Kc6 86. Bc2 Kd7 87. Be4 Kc7 88. Kb4 Nd8 89. Ka5 Ndc6+ 90. Kxa6 Nd8 91. Kb5 Ne6 92. a4 Kb8 93. a5 Kc7 94. a6 Kb8 95. Kb6 Nc7 96. a7+ Kc8 97. a8Q+ 1-0

[Event "WMSG Blitz Pair 1st"]
[Site "Beijing"]
[Date "2008.10.08"]
[Round "10"]
[White "Li, Ruofan"]
[Black "Cua, Sherily"]
[Result "1-0"]
[WhiteElo "2426"]
[BlackElo "2143"]
[PlyCount "89"]
[EventDate "2008.10.08"]
[EventType "swiss (blitz)"]
[EventRounds "11"]
[EventCountry "CHN"]
[SourceTitle "CBM 126 Extra"]
[Source "ChessBase"]
[SourceDate "2008.11.05"]
[SourceVersion "1"]
[SourceVersionDate "2008.11.05"]
[SourceQuality "1"]

1. d4 d5 2. c4 e6 3. Nc3 Nf6 4. Bg5 Nbd7 5. e3 Be7 6. Nf3 0-0 7. Bd3 a6 8. cxd5 exd5 9. 0-0 c6 10. Rb1 h6 11. Bh4 Re8 12. Qc2 a5 13. a3 Nf8 14. b4 axb4 15. axb4 b5 16. Ne5 Bb7 17. Ne2 Rc8 18. Bf5 N6d7 19. Bg3 Bf6 20. Nd3 Ne6 21. Nef4 Nxf4 22. Bxf4 g6 23. Bh3 Kg7 24. Nc5 Re7 25. Nxd7 Rxd7 26. Bxd7 Qxd7 27. Ra1 Be7 28. Qc3 Bd8 29. Be5+ Kh7 30. Ra3 Bb6 31. Re1 f5 32. f3 Re8 33. Kh1 Re7 34. h3 h5 35. Qc2 Qe8 36. e4 dxe4 37. fxe4 fxe4 38. Rxe4 Re6 39. Rg3 Bd8 40. Rf4 Be7 41. Rgf3 Kg8 42. Qd2 Bc8 43. Rf1 Bd7 44. R4f3 Bc8 45. Qh6 1-0

[Event "PHI-ch (Women)"]
[Site "Manila"]
[Date "2008.07.13"]
[Round "11"]
[White "Cua, Sherily"]
[Black "Fronda Pascua, Jan Jodilyn"]
[Result "1-0"]
[WhiteElo "2142"]
[BlackElo "1953"]
[PlyCount "127"]
[EventDate "2008.06.30"]
[EventType "tourn"]
[EventRounds "11"]
[EventCountry "PHI"]
[SourceTitle "CBM 125 Extra"]
[Source "ChessBase"]
[SourceDate "2008.09.01"]
[SourceVersion "1"]
[SourceVersionDate "2008.09.01"]
[SourceQuality "1"]

1. d4 d5 2. c4 c6 3. Nd2 Nf6 4. Ngf3 Bf5 5. g3 e6 6. Bg2 h6 7. 0-0 Be7 8. b3 0-0 9. Bb2 Nbd7 10. Re1 Bh7 11. a3 a5 12. Ne5 Nxe5 13. dxe5 Nd7 14. cxd5 cxd5 15. e4 Nc5 16. Qe2 dxe4 17. Nxe4 Nxe4 18. Bxe4 Bxe4 19. Qxe4 Qd5 20. Qxd5 exd5 21. Red1 Rfd8 22. Rac1 Rd7 23. a4 b5 24. Bd4 bxa4 25. bxa4 Rb7 26. Bc5 Bxc5 27. Rxc5 Rb4 28. Rdxd5 Rxa4 29. Rc7 Re4 30. Rdd7 Rxe5 31. Rxf7 Rg5 32. h4 Rg4 33. Kg2 h5 34. Rf5 a4 35. Rxh5 a3 36. Rhc5 Ra6 37. Rc1 Rb4 38. R7c2 Kf7 39. Ra2 Rb3 40. Rcc2 Ke6 41. Rd2 Rab6 42. Re2+ Kd6 43. Rad2+ Kc5 44. Rd7 g6 45. Ra7 Kb4 46. Kh3 Rb5 47. Kg4 Rc3 48. Re6 Rc4+ 49. f4 Ra5 50. Rb7+ Rb5 51. Rxb5+ Kxb5 52. h5 gxh5+ 53. Kxh5 Rc5+ 54. Kg4 a2 55. Re1 Kc6 56. f5 Rb5 57. Ra1 Rb2 58. Kg5 Kd7 59. g4 Ke7 60. Kg6 Kf8 61. f6 Rc2 62. Rh1 Ke8 63. f7+ Ke7 64. Re1+ 1-0

[Event "PHI-ch (Women)"]
[Site "Manila"]
[Date "2008.07.04"]
[Round "4"]
[White "Cua, Sherily"]
[Black "Secopito, Catherine"]
[Result "1/2-1/2"]
[WhiteElo "2142"]
[BlackElo "2212"]
[PlyCount "72"]
[EventDate "2008.06.30"]
[EventType "tourn"]
[EventRounds "11"]
[EventCountry "PHI"]
[SourceTitle "CBM 125 Extra"]
[Source "ChessBase"]
[SourceDate "2008.09.01"]
[SourceVersion "1"]
[SourceVersionDate "2008.09.01"]
[SourceQuality "1"]

1. d4 d5 2. c4 c6 3. Nf3 Nf6 4. g3 e6 5. Nbd2 Nbd7 6. Bg2 Bd6 7. 0-0 0-0 8. Qc2 Re8 9. e4 dxe4 10. Nxe4 Nxe4 11. Qxe4 e5 12. dxe5 Nxe5 13. Nxe5 Bxe5 14. Re1 Bd7 15. Qc2 Qc7 16. Bd2 Rad8 17. Bc3 Bxc3 18. Qxc3 Rxe1+ 19. Rxe1 Re8 20. Qd2 h6 21. a3 Rxe1+ 22. Qxe1 Be6 23. c5 Qd7 24. h4 Qd4 25. Qc1 Bd5 26. b4 Bxg2 27. Kxg2 Qd5+ 28. Kg1 b6 29. cxb6 axb6 30. Qe3 b5 31. Kh2 g5 32. hxg5 hxg5 33. Qe8+ Kg7 34. Qe3 Kg6 35. Qe8 Kg7 36. Qe3 Kg6 1/2-1/2

[Event "PHI-ch (Women)"]
[Site "Manila"]
[Date "2008.07.03"]
[Round "3"]
[White "Cua, Shercila"]
[Black "Cua, Sherily"]
[Result "1/2-1/2"]
[WhiteElo "2181"]
[BlackElo "2142"]
[PlyCount "80"]
[EventDate "2008.06.30"]
[EventType "tourn"]
[EventRounds "11"]
[EventCountry "PHI"]
[SourceTitle "CBM 125 Extra"]
[Source "ChessBase"]
[SourceDate "2008.09.01"]
[SourceVersion "1"]
[SourceVersionDate "2008.09.01"]
[SourceQuality "1"]

1. c4 c6 2. Nc3 d5 3. cxd5 cxd5 4. d4 Nf6 5. Nf3 Nc6 6. Bf4 a6 7. e3 e6 8. a3 Be7 9. h3 0-0 10. Bd3 b5 11. b4 Bb7 12. 0-0 Rc8 13. Rc1 Nb8 14. Nd2 Nbd7 15. Nb3 Nb6 16. Nc5 Bxc5 17. dxc5 Nc4 18. Bxc4 dxc4 19. Qe2 Nd5 20. Rcd1 Qf6 21. Nxd5 exd5 22. Qd2 Rfe8 23. Qd4 Qxd4 24. exd4 Re4 25. Bc1 Rce8 26. f3 Re2 27. Rf2 f6 28. Kf1 Rxf2+ 29. Kxf2 Kf7 30. Bd2 Re6 31. Re1 Rxe1 32. Bxe1 Ke6 33. Ke3 f5 34. g4 g6 35. Bh4 Bc6 36. Bd8 Be8 37. Kf4 fxg4 38. fxg4 h6 39. h4 Bc6 40. Bc7 Be8 1/2-1/2

[Event "Manila op"]
[Site "Manila"]
[Date "2008.04.29"]
[Round "6"]
[White "Magno, Enerose"]
[Black "Cua, Sherily"]
[Result "1/2-1/2"]
[WhiteElo "2169"]
[BlackElo "2132"]
[PlyCount "143"]
[EventDate "2008.04.03"]
[EventType "swiss"]
[EventRounds "9"]
[EventCountry "PHI"]
[SourceTitle "EXT 2010"]
[Source "ChessBase"]
[SourceDate "2010.11.25"]
[SourceVersion "1"]
[SourceVersionDate "2010.11.25"]
[SourceQuality "1"]

1. c4 e6 2. Nc3 d5 3. d4 Nf6 4. Nf3 Nbd7 5. Bg5 Be7 6. e3 0-0 7. Rc1 a6 8. Bd3 dxc4 9. Bxc4 b5 10. Bd3 c5 11. b3 Bb7 12. 0-0 Rc8 13. Bb1 c4 14. bxc4 Rxc4 15. Bd3 Rc8 16. Ne2 Qa5 17. Bb1 Nb6 18. Ne5 Qa4 19. e4 Qxd1 20. Rfxd1 h6 21. Bxf6 Bxf6 22. Ng4 Be7 23. Ne3 Ba3 24. Rxc8 Rxc8 25. f3 Kf8 26. Kf2 g6 27. Rd3 Bd6 28. Rc3 Rxc3 29. Nxc3 Ke7 30. g3 Bb4 31. Ncd1 Na4 32. Bd3 Kd6 33. Ng4 h5 34. Ne5 Ke7 35. Ke3 Nb6 36. Be2 Nd7 37. Nd3 Ba5 38. Nc1 e5 39. dxe5 Nxe5 40. f4 Bb6+ 41. Kd2 Nd7 42. Bd3 Nc5 43. Nc3 Kd6 44. Nb3 Nxd3 45. Kxd3 f6 46. Nd2 Bc6 47. Nf3 b4 48. Nb1 Bb5+ 49. Kc2 Bc4 50. a3 bxa3 51. Nxa3 Be2 52. Nh4 g5 53. Nf5+ Ke6 54. Kd2 Bf3 55. Kd3 gxf4 56. gxf4 Bg4 57. Nd4+ Kd7 58. Nc4 Bc7 59. e5 fxe5 60. Nxe5+ Bxe5 61. fxe5 a5 62. Kc4 a4 63. h4 Ke7 64. Kb4 Bd7 65. Ka3 Kd8 66. Kb4 Kc7 67. Ka3 Kb7 68. e6 Be8 69. Nf5 Kc7 70. Ng7 Bg6 71. Kxa4 Kd6 72. Kb4 1/2-1/2

[Event "Manila op"]
[Site "Manila"]
[Date "2008.04.25"]
[Round "2"]
[White "Camacho, Chardine Cheradee"]
[Black "Cua, Sherily"]
[Result "0-1"]
[WhiteElo "2106"]
[BlackElo "2132"]
[PlyCount "110"]
[EventDate "2008.04.03"]
[EventType "swiss"]
[EventRounds "9"]
[EventCountry "PHI"]
[SourceTitle "EXT 2010"]
[Source "ChessBase"]
[SourceDate "2010.11.25"]
[SourceVersion "1"]
[SourceVersionDate "2010.11.25"]
[SourceQuality "1"]

1. e4 e6 2. d4 d5 3. Nc3 dxe4 4. Nxe4 Bd7 5. Nf3 Bc6 6. Bd3 Nd7 7. 0-0 Ngf6 8. Ng3 Be7 9. b3 0-0 10. Bb2 Bxf3 11. Qxf3 c6 12. c4 Re8 13. Rfe1 Qc7 14. Rad1 Rad8 15. Bb1 Nf8 16. h4 Rd7 17. h5 h6 18. Ne4 Nxe4 19. Rxe4 Red8 20. Rg4 f5 21. Rg3 Bf6 22. Bc2 Bxd4 23. Bxd4 Rxd4 24. Rxd4 Rxd4 25. Qc3 c5 26. Rd3 Rxd3 27. Qxd3 Qd7 28. Qe2 Qd4 29. g3 Kf7 30. Bd1 Nd7 31. Qc2 Ne5 32. Be2 b6 33. a4 Ke7 34. Qa2 Nc6 35. Bf3 Nb4 36. Qe2 Qd3 37. Qxd3 Nxd3 38. Bd1 Kf6 39. Kf1 Ke5 40. Ke2 Kd4 41. Bc2 Nb4 42. Bd1 e5 43. Kd2 e4 44. Be2 Nd3 45. f3 e3+ 46. Kc2 Nb4+ 47. Kb2 a5 48. f4 Nd3+ 49. Kc2 Nf2 50. Bf3 Ne4 51. g4 fxg4 52. Bxg4 Nf2 53. Bf5 Nh1 54. Bh3 Ng3 55. Bg4 Ke4 0-1